000 00454nam a2200181Ia 4500
008 230718s9999 xx 000 0 und d
020 _a9788120340107
041 _aeng
082 _a629.8
_bOGA
100 _aOgata K.
_9134207
245 _aModern Control Engineering
250 _a5th Ed.
260 _c2010
_bPHI Learning Pub.
300 _a894
365 _cRs.
_b525.00
700 _aOgata K.
_9134207
906 _dB:358029-Apr-2011
_cINST
_b1575
999 _c327795
_d327795